Evropské municipality a sociální služby
Skúsenosti jednotlivých štátov s presunom právomocí v oblasti poskytovania sociálnych služieb na nižšie územne samosprávne celky. Koordinácia a spolupráca pri organizácii sociálnych služieb. Financovanie sociálnych služieb.
Salvato in:
| Autore principale: | |
|---|---|
| Natura: | Capitolo di libro |
| Lingua: | ceco |
| Soggetti: | |
| Tags: |
Nessun Tag, puoi essere il primo ad aggiungerne!!
|
MARC
| LEADER | 00000naa a2200000 4500 | ||
|---|---|---|---|
| 001 | r048059 | ||
| 005 | 20230913072507.8 | ||
| 041 | 0 | |a cze | |
| 044 | |a CZ | ||
| 245 | 1 | 0 | |a Evropské municipality a sociální služby |c Martin Smutek |
| 520 | |a Skúsenosti jednotlivých štátov s presunom právomocí v oblasti poskytovania sociálnych služieb na nižšie územne samosprávne celky. Koordinácia a spolupráca pri organizácii sociálnych služieb. Financovanie sociálnych služieb. | ||
| 610 | 2 | 0 | |a služby sociálne |
| 610 | 2 | 0 | |a decentralizácia |
| 610 | 2 | 0 | |a správa miestna |
| 610 | 2 | 0 | |a porovnanie medzinárodné |
| 610 | 2 | 0 | |a Dánsko |
| 610 | 2 | 0 | |a Švajčiarsko |
| 610 | 2 | 0 | |a Holandsko |
| 610 | 2 | 0 | |a Rakúsko |
| 610 | 2 | 0 | |a Írsko |
| 100 | 1 | |a Smutek, Martin | |